000 00827nam a22002297a 4500
999 _c15666
_d15666
003 AR-CdUCM
008 190429b ||||| |||| 00| 0 spa d
040 _aMUNICIPALIDAD PROVINCIAL DEL CUSCO
_cBIBLIOTECA MUNICIPAL DEL CUSCO
082 _aEP / 398 /
_bAY94
110 _aUNICEF.
_99438
245 _aAyllukunapa Willakuyninkuna :
_bAntawaylla /
260 _aApurímac :
_bFondo de las Naciones Unidas UNICEF,
_c2009.
300 _a25 páginas ;
_bilustraciones,
_c21 cm.
500 _aTexto en el idioma Quechua.
650 _aAprendizaje
_92143
650 _aLiteratura
_983
650 _aCuentos infantiles
_93927
710 _aCentro de Investigación y Aplicación de la Educación Intercultural Bilingue y Ecológica - SAYWA.
_934810
710 _aUNICEF.
_99438
942 _2ddc
_cLIBROS
945 _aachl
_d2019-04-29